000
00244nam a2200097Ia 4500
001
698335
005
20250826162049.0
008
250824s9999 xx 000 0 und d
245
0
_a
SEMAVER
_c
SAİT FAİK ABASIYANIK
260
_b
İŞ BANKASI KÜLTÜR
999
_c
698335
_d
698335